000 00469pab a2200157 454500
008 180718b2013 xxu||||| |||| 00| 0 eng d
100 _aRosser, Andrews
245 _aTowards a political economy of human rights violations in post- new order Indonesia
260 _c2013
300 _ap.243-256.
362 _aMay
650 _aHuman rights violations - Indonesia
650 _aHuman rights violations
773 _aJournal of Contemporary Asia
909 _a108622
999 _c108617
_d108617